Programa para calcular la matriz de impedancia nodal de secuencia positiva y cero para los sistemas de potencia

Gespeichert in:
Bibliographische Detailangaben
1. Verfasser: Amez Fernández, Antonio
Format: Buch
Veröffentlicht: [197-?] [San José , Costa Rica]
Tags: Tag hinzufügen
Keine Tags, Fügen Sie den ersten Tag hinzu!

MARC

LEADER 00000nam a2200000Ia 4500
003 PIE008
005 20221231143848.0
008 140116s19? cr a m 000 ||s d
040 |c cru CEDI 
090 |a PIE-08 
100 |a Amez Fernández, Antonio  |9 17084 
245 |a Programa para calcular la matriz de impedancia nodal de secuencia positiva y cero para los sistemas de potencia 
260 |c [San José , Costa Rica]  |b [197-?]  
300 |a 49 hojas ;ilustraciones  
500 |a A la cabeza de la portada. Universidad de Costa Rica. Facultad de Ingeniería. Departamento de Ingeniería Eléctrica y Mecánica. Proyecto Eléctrico 
942 |c PIE 
999 |c 13392  |d 13392